|
|
|
|
| LEADER |
00000cam a2200000 4500 |
| 003 |
UAHC |
| 005 |
20190905064611.0 |
| 008 |
180906s2002 cl |||| |||| 00| 0 spa d |
| 952 |
|
|
|0 0
|1 0
|2 ddc
|4 0
|6 792_098000000000000_ROJ
|7 0
|8 COMP
|9 90584
|a BS
|b BS
|c General
|d 2018-09-06
|e Compra: Cuarto Propio
|g 3900.00
|l 1
|o 792.098 ROJ
|p 1461312
|r 2025-11-26 00:00:00
|s 2018-09-26
|t c.1
|v 3900.00
|w 2018-09-06
|x OC:2136 / Factura: 1554
|y BK
|B TEATRO
|
| 999 |
|
|
|c 51044
|d 51044
|
| 020 |
|
|
|a 9562602516
|
| 035 |
|
|
|a ARTES
|
| 040 |
|
|
|a UAHC_CL
|c UAHC_CL
|d UAHC_CL
|
| 082 |
|
|
|2 21
|a 792.098
|b R741
|
| 100 |
|
|
|9 4822
|a Rojo, Sara
|
| 245 |
|
|
|a Dramaturgia contemporánea, tránsitos y desplazamientos teatrales:
|b de América latina a Italia
|c Sara Rojo.
|
| 260 |
|
|
|a Santiago, Chile:
|b Cuarto Propio,
|c 2002.
|
| 300 |
|
|
|a 267 p.
|
| 440 |
|
|
|a Teatro
|9 4823
|
| 520 |
|
|
|a Bajo un prisma comparativo, la autora aborda algunas posibilidades de aproximaciones y de contrapuntos entre la escena italiana y la latinoamericana, buscando apuntarnos “puntos de encuentro y desencuentro”. Los tránsitos artísticos y epistemológicos entre estos contextos, los diálogos culturales y las negociaciones, locales y transnacionales, guían la mirada observadora y minuciosa de Sara Rojo, instigándonos a recorrer y a usufructuar, con ella, muchas de las postulaciones de la práctica teatral en esos dos contextos y, por medio de ellas, repensar los innumerables desafíos, ideales y tensiones de la actualidad.
|
| 650 |
|
0 |
|9 4638
|a Teatro
|x Historia
|z América Latina
|
| 650 |
|
0 |
|9 4824
|a Teatro
|x Historia
|z Italia
|
| 942 |
|
|
|2 ddc
|c BK
|